Statistics for Disney World Rides - Magic Kingdom

Click here to take the quiz!

General Stats

  • This quiz has been taken 38 times
    (36 since last reset)
  • The average score is 7 of 22

Answer Stats

Answer% Correct
Space Mountain
76%
It's a Small World
59%
Pirates of the Caribbean
59%
Jungle Cruise
53%
Big Thunder Mountain Railroad
47%
Haunted Mansion
47%
Peter Pan's Flight
44%
Astro Orbiter
38%
Seven Dwarfs Mine Train
38%
Tomorrowland Speedway
35%
The Barnstormer
32%
The Many Adventures of Winnie the Pooh
32%
Dumbo the Flying Elephant
29%
Buzz Lightyears Space Ranger Spin
26%
TRON Lightcycle Run
26%
Mad Tea Party
24%
The Magic Carpets of Aladdin
21%
Tomorrowland Transit Authority PeopleMover
18%
Under the Sea: Journey of the Little Mermaid
15%
Prince Charming Regal Carrousel
12%
Walt Disney World Railroad
12%
Walt Disney's Carousel of Progress
3%

Score Distribution

Percentile by Number Answered

Percent of People with Each Score

Your Score History

You have not taken this quiz since the last reset